PAÍSES COM POPULAÇÃO ENTRE 100.000 E 500.000 HABITANTES - Statistics

Estatísticas Gerais
  • Esse quiz foi jogado 38 vezes
  • A pontuação média é 11 de 15
Estatísticas das Respostas
Hint Resposta % Correto
AMÉRICA GRANADA
82%
OCEANIA KIRIBATI
82%
AMÉRICA BAHAMAS
79%
EUROPA MALTA
79%
AMÉRICA BARBADOS
76%
OCEANIA MICRONÉSIA
76%
AMÉRICA SÃO VICENTE E GRANADINAS
76%
OCEANIA VANUATU
76%
AMÉRICA BELIZE
74%
OCEANIA TONGA
74%
OCEANIA SAMOA
71%
AMÉRICA SANTA LÚCIA
71%
ÁSIA BRUNEI
68%
ÁFRICA SÃO TOMÉ E PRÍNCIPE
68%
EUROPA ISLÂNDIA
47%
Nenhum quiz correspondente encontrado
Distribuição das Pontuações
Porcentagem de Pessoas com Cada Pontuação
Percentil de Números Respondidos
Sua Pontuação Histórica
Você não jogou esse quiz